[Event "Open"]
[Site "Dubai UAE"]
[Date "2001.04.22"]
[Round "7"]
[White "Sharma,D"]
[Black "Neverov,V"]
[Result "1/2-1/2"]
[WhiteElo "2385"]
[BlackElo "2562"]

1.e4 c5 2.Nf3 e6 3.d4 cxd4 4.Nxd4 a6 5.Nc3 Qc7 6.Be2 b5 7.O-O Bb7 8.Re1 Nf6
9.Bd3 Bc5 10.Nb3 Bd6 11.h3 Nc6 12.Kh1 Be7 13.f4 d6 14.Bd2 O-O 15.a4 b4 16.Ne2 d5
17.e5 Ne4 18.Bxe4 dxe4 19.Ng3 Rad8 20.Qg4 Kh8 21.Be3 Na5 22.Nxa5 Qxa5 23.Nh5 Rg8
24.b3 Qc7 25.Qe2 Rd5 26.Rad1 a5 27.Rxd5 Bxd5 28.Qf2 Rc8 29.Re2 Qd8 30.Rd2 Rc3
31.Kh2 Qc7 32.Ng3 Bh4 33.Qe2 f6 34.exf6 Bxf6 35.Nh5 Qf7 36.Nxf6 Qxf6 37.Qf2 Rc8
38.Kg1 h6 39.Bd4 Qg6 40.Qe3 Kh7 41.Kh2 Qf7 42.Kg1 Qe7  1/2-1/2

[Event "Open"]
[Site "Dubai UAE"]
[Date "2001.04.23"]
[Round "8"]
[White "Annageldyev,O"]
[Black "Mahjoob,M"]
[Result "1-0"]
[WhiteElo "2503"]
[BlackElo "2304"]

1.e4 c5 2.Nf3 e6 3.d4 cxd4 4.Nxd4 a6 5.Nc3 Qc7 6.Be2 b5 7.Bf3 Bb7 8.O-O b4
9.Nd5 exd5 10.exd5 d6 11.Re1+ Be7 12.Nf5 Bc8 13.Nxg7+ Kf8 14.Qd4 f6 15.Ne6+ Bxe6
16.dxe6 Nc6 17.Qd5 Rc8 18.Qh5 Nd8 19.Bh6+ Nxh6 20.Qxh6+ Kg8 21.Bd5 Qc5 22.Rad1 Qxc2
23.Rc1 Qg6 24.Qxg6+ hxg6 25.Rxc8 Rh5 26.Rxd8+  1-0

[Event "2nd ch-EUR Women"]
[Site "Warsaw POL"]
[Date "2001.04.23"]
[Round "2"]
[White "Hlgatian,G"]
[Black "Winter,A"]
[Result "1-0"]
[WhiteElo "2258"]
[BlackElo "2135"]

1.e4 c5 2.Nf3 e6 3.d4 cxd4 4.Nxd4 a6 5.Nc3 Qc7 6.Be2 Nc6 7.O-O Nf6 8.Be3 Be7
9.f4 d6 10.Kh1 Bd7 11.a4 Nb4 12.Bf3 e5 13.Nf5 Bxf5 14.exf5 O-O 15.a5 e4 16.Nxe4 Qxc2
17.Nxf6+ Bxf6 18.Qxd6 Qb3 19.Qb6 Be7 20.Bd4 Rad8 21.Bc3 Qc4 22.Qxb7 Bc5 23.f6 Rfe8
24.Rfd1 Nd3 25.Rxd3 Rxd3 26.h3 Rdd8 27.Rg1 Qd3 28.Ra1 Qf5 29.Qxa6 Qxf4 30.Qf1 Bd6
31.g3 Qxg3 32.Qg2 g6 33.Qxg3 Bxg3 34.a6 Bf2 35.a7 Ra8 36.Bxa8 Rxa8 37.Be5 Rxa7
38.Rxa7 Bxa7 39.b4 Bb6 40.Bd6 h6 41.Kg2 g5 42.Kf3 Kh7 43.Ke4 Kg6 44.Be5 h5
45.b5 g4 46.h4 g3 47.Kf3 Kf5 48.Bc3 Bc7 49.Bd4 Ke6 50.b6 Bb8 51.Bc3 Kf5 52.Be1 g2
53.Kxg2 Kg4 54.Bf2 Be5 55.b7 Bb8 56.Bg1 Kf5 57.Bh2 Ba7 58.Kf3 Kxf6 59.Ke4 Ke6
60.b8=Q Bxb8 61.Bxb8 Kf6 62.Kf4 Kg6 63.Be5 f6 64.Bd4 Kg7 65.Kf5 Kh7 66.Kxf6 Kh6
67.Kf5 Kh7 68.Kg5  1-0

[Event "7th"]
[Site "Cutro ITA"]
[Date "2001.04.24"]
[Round "3"]
[White "Ristic,Nen"]
[Black "Ortega,Le"]
[Result "0-1"]
[WhiteElo "2425"]
[BlackElo "2487"]

1.e4 c5 2.Nf3 e6 3.d4 cxd4 4.Nxd4 a6 5.Nc3 b5 6.Bd3 Bc5 7.Be3 d6 8.Qg4 Nf6
9.Qxg7 Rg8 10.Qh6 Nbd7 11.O-O-O Qb6 12.Be2 Bb7 13.Bf3 Rg6 14.Qh3 Ne5 15.Bh5 Nxh5
16.Qxh5 Nc6 17.Nf5 exf5 18.Bxc5 Qxc5 19.exf5 Ne5 20.f4 Rxg2 21.Rhe1 Qf2 22.Ne2 Nf3
23.Qxh7 O-O-O 24.Qxf7 Qe3+ 25.Kb1 Nxe1 26.Nd4 Rd2  0-1

[Event "4th Open"]
[Site "Tanta City EGY"]
[Date "2001.04.25"]
[Round "7"]
[White "Sarwat,W"]
[Black "Ahmed,Es"]
[Result "1-0"]
[WhiteElo "2356"]
[BlackElo "2362"]

1.e4 c5 2.Nf3 e6 3.d4 cxd4 4.Nxd4 a6 5.Nc3 Qc7 6.Be2 b5 7.O-O Bb7 8.Bf3 Nc6
9.Nxc6 dxc6 10.Re1 e5 11.Be3 Nf6 12.a4 Bb4 13.Bd2 Be7 14.axb5 axb5 15.Rxa8+ Bxa8
16.Qe2 O-O 17.Ra1 Bb7 18.g3 Nd7 19.Bg2 Nc5 20.Nd1 Ne6 21.Ne3 g6 22.Bc3 Bc5
23.Ng4 f6 24.Kh1 h5 25.Ne3 Qb6 26.Ba5 Qa7 27.Qe1 Ra8 28.b4 Bxe3 29.fxe3 c5
30.Rd1 cxb4 31.Bxb4 Qa2 32.Qf2 Ng7 33.Be7 Qc4 34.Rd8+ Rxd8 35.Bxd8 Bxe4 36.Bxf6 Qxc2
37.Qxc2 Bxc2 38.Bd5+ Kh7 39.e4 b4 40.Bxe5 b3 41.Kg1 Ne8 42.Kf2 Nc7 43.Bc6 Ne6
44.Ke3 g5 45.Bc3 h4 46.gxh4 gxh4 47.e5 Kg6 48.Be8+ Kg5 49.Bd7 Nc5 50.Bb5 Bd1
51.Bd4 Na4 52.e6 b2 53.Bd3 Bh5 54.e7 Be8 55.h3 Bf7 56.Ke4 Be8 57.Ke5 Bb5  1-0

[Event "7th"]
[Site "Cutro ITA"]
[Date "2001.04.28"]
[Round "7"]
[White "Aleksic,Nen1"]
[Black "Ortega,Le"]
[Result "1-0"]
[WhiteElo "2417"]
[BlackElo "2487"]

1.e4 c5 2.Nf3 e6 3.Nc3 a6 4.d4 cxd4 5.Nxd4 b5 6.g3 Bb7 7.Bg2 Nf6 8.Qe2 b4
9.Na4 d5 10.Bg5 Be7 11.exd5 Bxd5 12.O-O-O O-O 13.f4 Ra7 14.Nf5 Nc6 15.Nxe7+ Nxe7
16.Bxf6 gxf6 17.f5 Qa5 18.Bxd5 Nxd5 19.fxe6 Qxa4 20.Rxd5 Qxa2 21.Qg4+ Kh8
22.Qxb4 Raa8 23.e7 Rfb8 24.Qd4  1-0

[Event "Zone 3.2a"]
[Site "Manila PHI"]
[Date "2001.04.28"]
[Round "7"]
[White "Nquyen Thanh Son"]
[Black "Dao Thien Hai"]
[Result "0-1"]
[WhiteElo "2200"]
[BlackElo "2564"]

1.e4 c5 2.Nf3 e6 3.d4 cxd4 4.Nxd4 a6 5.Nc3 Qc7 6.Bd3 Nc6 7.Be3 b5 8.Nxc6 Qxc6
9.a4 b4 10.Ne2 Nf6 11.Nd4 Qc7 12.Qe2 Bb7 13.Bd2 d5 14.e5 Ne4 15.Nf3 Be7 16.Be3 O-O
17.O-O h6 18.Bd4 f5 19.Nd2 Bc5 20.c3 bxc3 21.bxc3 Bxd4 22.cxd4 Qc3 23.Nf3 Rfc8
24.Rab1 Rc7 25.Rb6 Bc8 26.Rb2 Qa5 27.Ra1 Bd7 28.Qe1 Qxe1+ 29.Nxe1 Nc3 30.a5 Bb5
31.Kf1 Rac8 32.Rc1 Bxd3+ 33.Nxd3 Nb5 34.Rxc7 Rxc7 35.Rb4 Rc2 36.g3 g5 37.Nc5 Nxd4
38.Nxa6 Nf3 39.Rb8+ Kf7 40.Rb7+ Kg6 41.Re7 Kh5 42.Rxe6 Nxh2+ 43.Kg2 Ng4 44.Nb4 Rxf2+
45.Kg1 Rf3 46.Kg2 Ra3 47.Nxd5 Ra2+ 48.Kg1 Rxa5 49.Nf6+ Nxf6 50.exf6 Ra7  0-1

[Event "Bank Pocztowy Open A"]
[Site "Bydgoszcz POL"]
[Date "2001.05.01"]
[Round "5"]
[White "Lanka,Z"]
[Black "Markowski,T"]
[Result "0-1"]
[WhiteElo "2483"]
[BlackElo "2592"]

1.e4 c5 2.Nf3 e6 3.d4 cxd4 4.Nxd4 a6 5.Nc3 b5 6.Bd3 d6 7.f4 Bb7 8.Qf3 Nd7
9.a3 Rc8 10.Bd2 Ngf6 11.O-O-O Qb6 12.Nde2 Nc5 13.Kb1 Be7 14.f5 e5 15.g4 h6
16.h4 Qc6 17.Ng3 d5 18.exd5 Nxd5 19.Qe2 Nxd3 20.cxd3 O-O 21.Rc1 Nxc3+ 22.Bxc3 Qf3
23.Qxf3 Bxf3 24.Rhg1 Bxh4 25.Rcf1 Bxg4 26.Bxe5 f6 27.Rf4 Bxg3 28.Rxg3 h5
29.Bc3 Rfe8 30.Rg2 Kf7 31.d4 Rcd8 32.Ka2 Rd5 33.Rgf2 Re2 34.Rf1 Rg2 35.Be1 Be2
36.Rh1 Bc4+  0-1

[Event "2nd ch-EUR Women"]
[Site "Warsaw POL"]
[Date "2001.05.02"]
[Round "10"]
[White "Korbut,E"]
[Black "Grabarska,B"]
[Result "0-1"]
[WhiteElo "2330"]
[BlackElo "2213"]

1.e4 c5 2.Nf3 e6 3.Nc3 a6 4.d4 cxd4 5.Nxd4 Qc7 6.Bd3 Nc6 7.Be3 Nf6 8.O-O Bd6
9.Kh1 Bf4 10.Qf3 Bxe3 11.Qxe3 d6 12.Nxc6 bxc6 13.f4 O-O 14.e5 Nd5 15.Nxd5 cxd5
16.Rad1 Bd7 17.c4 Bc6 18.f5 d4 19.Qg3 exf5 20.exd6 Qb7 21.b3 Rae8 22.Rxf5 g6
23.Rf4 Re3 24.Qf2 Qb6 25.Rf6 Qc5 26.Qf4 Qh5 27.Rd2 Re1+ 28.Bf1 Re4 29.Qg3 Rg4
30.Qf2 Rh4 31.Kg1 Rxh2 32.Qxd4 Rh1+ 33.Kf2 Qh2 34.Qf4 Qg1+ 35.Kg3 Re8 36.Rd3 Qh2+
37.Kf2 Rxf1+  0-1

[Event "Bank Pocztowy Open A"]
[Site "Bydgoszcz POL"]
[Date "2001.05.04"]
[Round "7"]
[White "Bartel,Mat"]
[Black "Brodsky,M"]
[Result "0-1"]
[WhiteElo "2434"]
[BlackElo "2529"]

1.e4 c5 2.Nc3 e6 3.Nf3 a6 4.d4 cxd4 5.Nxd4 Qc7 6.Bd3 Nf6 7.f4 b5 8.e5 b4
9.Ne4 Nxe4 10.Bxe4 Bb7 11.Qf3 Nc6 12.Nxc6 Bxc6 13.Bxc6 dxc6 14.O-O Be7 15.f5 exf5
16.Qxf5 O-O 17.Bf4 Qa7+ 18.Kh1 Rad8 19.Rae1 Qd7 20.Qxd7 Rxd7 21.g3 Rd5 22.Re4 Rfd8
23.a3 bxa3 24.bxa3 Rd4 25.Rxd4 Rxd4 26.Rb1 g5 27.Rb8+ Rd8 28.Rxd8+ Bxd8 29.Bd2 g4
30.Bh6 Bc7 31.h3 gxh3 32.Bf4 Kf8 33.Kh2 Ke7 34.Kxh3 Ke6 35.Kg4 Bxe5 36.Bd2 Kd5
37.Kf3 Bd6  0-1

[Event "FSIMA May"]
[Site "Budapest HUN"]
[Date "2001.05.05"]
[Round "1"]
[White "Dembo,Y"]
[Black "Nemeth,Z"]
[Result "1/2-1/2"]
[WhiteElo "2341"]
[BlackElo "2319"]

1.e4 c5 2.Nf3 e6 3.d4 cxd4 4.Nxd4 a6 5.Nc3 b5 6.Bd3 Qb6 7.Nb3 Qc7 8.O-O Bb7
9.Be3 Nf6 10.a3 d5 11.exd5 Nxd5 12.Nxd5 Bxd5 13.Nd2 Nd7 14.Be4 Nf6 15.Bxd5 Nxd5
16.Bd4 Bd6 17.h3 O-O 18.Ne4 Bh2+ 19.Kh1 Be5 20.c3 Rfd8 21.Bxe5 Qxe5 22.Qf3 Qf4
23.Qe2 Rac8 24.Rad1 h6 25.Rd3 Qh4 26.Rfd1 Nf4 27.Qg4 Rxd3 28.Qxh4 Rxd1+ 29.Kh2 Ng6
30.Qg4 Re1 31.Nd6 Rd8 32.Qd4 Rd7 33.Qb6 Re2 34.b3 Rd2 35.Ne4 Re2 36.Qxa6 Nf8
37.f3 Rb2 38.c4 Rd3 39.Qxb5 Rbxb3 40.Qh5 Rxa3 41.c5 Ra2 42.c6 Rc2 43.Qb5 Rd4
44.Qb7 f5 45.Qa7 Rd1 46.Nf2 Rd6 47.c7 Rdc6 48.Nd3 Rxc7 49.Qb8 Rc8 50.Qe5 Rd2
51.Nf4 Rcc2 52.Nxe6 Rxg2+ 53.Kh1 Nxe6 54.Qxe6+ Kh8 55.Qxf5 Rge2 56.Qf8+ Kh7
57.Qf5+ Kg8 58.Qd5+ Kf8 59.Qd8+ Kf7 60.Qd7+ Kf6 61.Qd6+ Kf5 62.Qd5+ Kf4 63.Qd4+ Kxf3
64.Qg4+ Ke3 65.Qg3+ Kd2 66.Qd6+ Ke1 67.Qg3+ Kd1 68.Qd3+ Kc1 69.Qa3+ Rb2 70.Qc3+ Kb1
71.Qd3+ Rec2 72.Kg1 g5 73.Kh1 h5 74.Kg1 g4 75.hxg4 hxg4 76.Kh1 Rb4 77.Kg1 Kb2
78.Qf5 Rbc4 79.Qe5+ Kb1 80.Qb5+ Kc1 81.Qg5+ Kb2 82.Qb5+ Kc3 83.Qe5+ Rd4 84.Qe3+ Kc4
85.Qe6+ Kd3 86.Qf5+ Re4 87.Qb5+ Rec4 88.Qf5+ Ke3 89.Qe6+ Kf3 90.Qf5+ Kg3
91.Qd3+ Kf4 92.Qd6+ Ke3 93.Qg3+ Kd2 94.Qd6+ Kc1 95.Qa3+ Rb2 96.Qe3+ Kb1 97.Qd3+ Rcc2
98.Qe4 g3 99.Qd3 Ka1 100.Qa6+ Ra2 101.Qf1+ Kb2 102.Qb5+ Kc3 103.Qe5+ Kd2
104.Qf4+ Ke2 105.Qg4+ Kd2 106.Qf4+ Ke2 107.Qg4+ Kd2  1/2-1/2

[Event "XXXVI Capablanca Mem Premier I"]
[Site "Havana CUB"]
[Date "2001.05.05"]
[Round "1"]
[White "Perez,Rod"]
[Black "Pazos Gambarrotti,P"]
[Result "1-0"]
[WhiteElo "2471"]
[BlackElo "2421"]

1.e4 c5 2.Nf3 e6 3.Nc3 a6 4.d4 cxd4 5.Nxd4 Qc7 6.Be2 b5 7.O-O Bb7 8.Re1 d6
9.a4 b4 10.Na2 Nf6 11.Bf3 Nbd7 12.Nxb4 Ne5 13.c3 Be7 14.Be2 Nxe4 15.Nxa6 Qd8
16.Bb5+ Nd7 17.Nb4 d5 18.Ndc6 Qb6 19.Rxe4 dxe4 20.Nxe7 Qxb5 21.axb5 Rxa1
22.h3 f6 23.Nec6 Bc8 24.b6 Rf8 25.Kh2 Nxb6 26.Qd8+ Kf7 27.Qxb6 Rxc1 28.Qc7+  1-0

[Event "XXXVI Capablanca Mem Premier I"]
[Site "Havana CUB"]
[Date "2001.05.05"]
[Round "1"]
[White "Gongora,M"]
[Black "Quezada,Y"]
[Result "1-0"]
[WhiteElo "2417"]
[BlackElo "2474"]

1.e4 c5 2.Nc3 e6 3.Nge2 a6 4.d4 cxd4 5.Nxd4 Qc7 6.Be2 Nc6 7.O-O b5 8.Nxc6 dxc6
9.Re1 e5 10.a4 Rb8 11.axb5 axb5 12.Qd3 Nf6 13.Bf1 Be7 14.Qg3 O-O 15.b3 Be6
16.Bb2 Nd7 17.Ne2 f6 18.Nd4 Nc5 19.Ba3 Qd7 20.Nxe6 Nxe6 21.Red1 Qc7 22.Qg4 Kf7
23.Qh5+ Kg8 24.Qg4 Kf7 25.Bb2 Rfd8 26.c3 Rxd1 27.Rxd1 Rd8 28.b4 Rxd1 29.Qxd1 Qd6
30.Qh5+ Kg8 31.Qe8+ Nf8 32.Bc1 Qd7 33.Qa8 Kf7 34.Be3 Ne6 35.h4 Nd8 36.Be2 g6
37.h5 Kg7 38.h6+ Kf7 39.g3 Bf8 40.Kg2 g5 41.Bh5+ Kg8 42.Bb6 Be7 43.Qa2+ Ne6
44.Bg4 Kf7 45.Bf5 Bf8 46.Bxh7 Bxh6 47.Bf5 Bf8 48.Be3 Bd6 49.Qe2 Qe7 50.Qh5+ Kg8
51.Qg6+ Kf8 52.Bxe6 Qxe6 53.Bxg5  1-0

[Event "FSIMA May"]
[Site "Budapest HUN"]
[Date "2001.05.07"]
[Round "3"]
[White "Sendur,A"]
[Black "Jakab,A"]
[Result "1-0"]
[WhiteElo "2303"]
[BlackElo "2363"]

1.e4 c5 2.Nf3 e6 3.d4 cxd4 4.Nxd4 a6 5.Nc3 d6 6.Be3 Nf6 7.f3 b5 8.Qd2 Bb7
9.O-O-O Nbd7 10.g4 Nb6 11.Qf2 Nfd7 12.Nb3 Rc8 13.e5 d5 14.Bd4 Qc7 15.Bd3 Na4
16.f4 Nac5 17.Kb1 b4 18.Ne2 Be7 19.Qe3 O-O 20.Ng3 Rfe8 21.Rhe1 Nxd3 22.cxd3 a5
23.f5 Qc2+ 24.Ka1 a4 25.Rc1 Qxh2 26.Rh1 Rxc1+ 27.Nxc1 Qg2 28.f6 Bf8 29.fxg7 Bxg7
30.Nce2 Rc8 31.Rg1 Qh3 32.Nf4 Qh2 33.Rh1 Qc2 34.Nfh5 Bxe5 35.Bxe5 Nxe5 36.Qh6  1-0

[Event "XXXVI Capablanca Mem Premier II"]
[Site "Havana CUB"]
[Date "2001.05.07"]
[Round "3"]
[White "Arizmendi Martinez,J"]
[Black "Bellon Lopez,JM"]
[Result "1-0"]
[WhiteElo "2478"]
[BlackElo "2429"]

1.e4 c5 2.Nf3 e6 3.Nc3 a6 4.d4 cxd4 5.Nxd4 Qc7 6.g3 Nc6 7.Bg2 Nf6 8.O-O Bc5
9.Nxc6 dxc6 10.Na4 Ba7 11.c4 h5 12.c5 h4 13.Nb6 Bxb6 14.cxb6 Qxb6 15.Bf4 hxg3
16.hxg3 Nd7 17.Bd6 Qxb2 18.e5 f6 19.Qg4 Kf7 20.Rae1 Nxe5 21.Rxe5 fxe5 22.Be4 Bd7
23.Qg5 Qe2 24.Bxe5 Raf8 25.Bg6+ Kg8 26.Bd3 Qxe5 27.Qxe5 Rh6 28.Be4 Rc8 29.Rd1 Be8
30.g4  1-0

[Event "FSIMA May"]
[Site "Budapest HUN"]
[Date "2001.05.08"]
[Round "4"]
[White "Jamrich,G"]
[Black "Jakab,A"]
[Result "0-1"]
[WhiteElo "2271"]
[BlackElo "2363"]

1.e4 c5 2.Nf3 e6 3.d4 cxd4 4.Nxd4 a6 5.Nc3 d6 6.Bd3 Nf6 7.O-O Be7 8.Kh1 Qc7
9.f4 O-O 10.Be3 Nc6 11.Nde2 b5 12.a3 Bb7 13.Ng3 Rac8 14.Qe2 Rfe8 15.Rae1 Bf8
16.Nh5 Nd7 17.Qg4 Kh8 18.Qh3 g6 19.Ng3 Nc5 20.Qg4 Bg7 21.h4 f5 22.Qh3 Nxd3
23.cxd3 h5 24.exf5 exf5 25.Nxf5 gxf5 26.Qxf5 Bxc3 27.bxc3 Qh7 28.Qd5 Rg8
29.Rf2 Rcd8 30.Kg1 Rg4 31.Bb6 Rdg8 32.Qxd6 Qg7 33.Qd5 Rxh4 34.Re6 Nd8 35.Rh6+ Qxh6
36.Bd4+ Kh7 37.Qd7+ Rg7 38.Qxd8 Qxf4 39.Bxg7 Qc1+ 40.Rf1 Rh1+  0-1

[Event "XXXVI Capablanca Mem Premier II"]
[Site "Havana CUB"]
[Date "2001.05.08"]
[Round "4"]
[White "Wohl,A"]
[Black "Zapata,A"]
[Result "1/2-1/2"]
[WhiteElo "2418"]
[BlackElo "2492"]

1.e4 c5 2.Nf3 e6 3.d4 cxd4 4.Nxd4 a6 5.Nc3 Qc7 6.Be2 b5 7.O-O Bb7 8.Bf3 Nc6
9.Nxc6 dxc6 10.a4 Nf6 11.axb5 axb5 12.Rxa8+ Bxa8 13.Qe2 e5 14.Bg5 Be7 15.Nd1 O-O
16.Ne3 h6 17.Bh4 g6 18.Rd1 Bb7 19.Bg3 Bc8 20.h3 h5 21.Qe1 Re8 22.Qc3 Bd6
23.Bh4 Nh7 24.Qd2 Bc5 25.b4 Bb6 26.c4 bxc4 27.Nxc4 Bd4 28.Ne3 Be6 29.Rc1 Qb7
30.Nc2 Bb6 31.Qc3 f6 32.Be2 Kg7 33.Bg3 Ng5 34.Bd3 Bf7 35.Ne1 Bd4 36.Qxc6 Qxb4
37.h4 Ne6 38.Nf3 Re7 39.Rb1 Qa3 40.Bc4 Rc7 41.Qb5 Bc5 42.Qb3 Qxb3 43.Bxb3 Rb7
44.Ba2 Rxb1+ 45.Bxb1 Bb4 46.Nh2 Nf4 47.Bxf4 exf4 48.Bd3 Bc3 49.g3 Be5 50.Kg2 fxg3
51.fxg3 Be6 52.Nf3 Bc3 53.Kf2 Kh6 54.Bb5 g5 55.Ke3 Bc8 56.Nd4 Be1 57.Kf3 Bg4+
58.Kg2 gxh4 59.gxh4 Bxh4 60.Nf3 Bg5 61.Be2 h4 62.Ng1 h3+ 63.Kh1 Kh5 64.Bxg4+ Kxg4
65.Ne2 Bf4 66.Nc3 Be5 67.Nd5  1/2-1/2

[Event "FSIMA May"]
[Site "Budapest HUN"]
[Date "2001.05.09"]
[Round "5"]
[White "Dembo,Y"]
[Black "Jamrich,G"]
[Result "1-0"]
[WhiteElo "2341"]
[BlackElo "2271"]

1.e4 c5 2.Nf3 e6 3.d4 cxd4 4.Nxd4 a6 5.Nc3 b5 6.Bd3 Qb6 7.Be3 Bc5 8.Be2 Nc6
9.Nxc6 dxc6 10.Bxc5 Qxc5 11.Qd3 e5 12.Qg3 Kf8 13.O-O-O Be6 14.f4 exf4 15.Qxf4 g5
16.Qg3 Ne7 17.Bg4 Bxg4 18.Qxg4 h5 19.Qf3 Qe5 20.Rhf1 Rh7 21.g3 a5 22.Kb1 a4
23.a3 Re8 24.Ne2 g4 25.Qd3 Ng6 26.Nf4 Ne7 27.Rf2 Kg8 28.Rdf1 Ng6 29.Nxg6 fxg6
30.Rf6 Qxe4 31.Rf8+ Kg7 32.R1f7+ Kh6 33.Rxe8 Qxd3 34.Rxh7+  1-0

[Event "Karpov It"]
[Site "Poikovsky RUS"]
[Date "2001.05.09"]
[Round "9"]
[White "Mitkov,N"]
[Black "Rublevsky,S"]
[Result "1/2-1/2"]
[WhiteElo "2578"]
[BlackElo "2657"]

1.e4 c5 2.Nc3 e6 3.Nf3 a6 4.d4 cxd4 5.Nxd4 Qc7 6.Bd3 Nc6 7.Be3 Nf6 8.O-O b5
9.Nxc6 Qxc6 10.a3 Bb7 11.Re1 Bd6 12.Bd4 e5 13.Be3 Bc5 14.Qf3 Bxe3 15.Rxe3 Qc5
16.Qg3 O-O 17.Qh4 h6 18.Ne2 d6 19.Ng3 Bc8 20.Rf3 Nh7 21.Nh5 Qb6 22.Rg3 g6
23.Nf6+ Nxf6 24.Qxf6 Qd8 25.Rxg6+  1/2-1/2

[Event "FSIMA May"]
[Site "Budapest HUN"]
[Date "2001.05.10"]
[Round "6"]
[White "Jamrich,G"]
[Black "Nemeth,Z"]
[Result "0-1"]
[WhiteElo "2271"]
[BlackElo "2319"]

1.e4 c5 2.Nf3 e6 3.d4 cxd4 4.Nxd4 a6 5.Nc3 b5 6.Bd3 Qb6 7.Nb3 Qc7 8.Qe2 Bb7
9.O-O Nf6 10.a3 d6 11.f4 Nbd7 12.Bd2 Be7 13.Kh1 O-O 14.Nd4 Rfe8 15.Rf3 Nc5
16.Rg3 d5 17.e5 Nfe4 18.Bxe4 Nxe4 19.Nxe4 dxe4 20.f5 Bf8 21.f6 Qxe5 22.fxg7 Bd6
23.Bc3 Qd5 24.Rh3 Qg5 25.Nb3 Bd5 26.Nd2 f5 27.Nf1 f4 28.Rd1 f3 29.gxf3 exf3
30.Rxf3 Bxf3+ 31.Qxf3 Be5 32.Ne3 Bxc3 33.bxc3 h5 34.Rg1 Qh6 35.Qe4 Rad8 36.h4 Qf6
37.Rg5 Qxc3 38.Rg6 Rd4 39.Qf3 Qe1+ 40.Kg2 Rxh4 41.Nf1 Qe4 42.Ng3  0-1

[Event "XXXVI Capablanca Mem Premier I"]
[Site "Havana CUB"]
[Date "2001.05.12"]
[Round "7"]
[White "Perez,Rod"]
[Black "Gongora,M"]
[Result "0-1"]
[WhiteElo "2471"]
[BlackElo "2417"]

1.e4 c5 2.Nf3 e6 3.Nc3 a6 4.d4 cxd4 5.Nxd4 Qc7 6.Be2 b5 7.O-O Bb7 8.Re1 d6
9.a4 bxa4 10.Bh5 g6 11.Bf3 Nd7 12.Rxa4 Be7 13.Nb3 Rd8 14.Be2 Nb8 15.Bf4 Nf6
16.Bh6 Bf8 17.Qc1 Qe7 18.Rd1 Bxh6 19.Qxh6 Ng8 20.Qe3 Nf6 21.Qh6 Ng8 22.Qe3 Nf6
23.Na5 Ba8 24.Qh6 Qf8 25.Qf4 Qe7 26.Qh6 Ng8 27.Qe3 Nf6 28.Rad4 e5 29.R4d2 O-O
30.Nc4 Ne8 31.Nd5 Bxd5 32.Rxd5 Nc6 33.c3 Qc7 34.b4 Ne7 35.Ra5 Ra8 36.Qb6 Nc6
37.Rxa6 Rxa6 38.Qxa6 Nd8 39.Qb6 Qc8 40.Nxd6 Nxd6 41.Rxd6 Ne6 42.Qe3 Qc7 43.Rd1 Ra8
44.Bg4 Nf4 45.g3 h5 46.Bd7 Qxd7 47.Qe1 Nh3+ 48.Kg2 Qe6 49.Qe2 h4 50.f3 Ng5
51.g4 h3+ 52.Kg3 Qf6 53.Qe3 Ra2 54.Rg1 Rb2  0-1

[Event "XXXVI Capablanca Mem Premier I"]
[Site "Havana CUB"]
[Date "2001.05.14"]
[Round "8"]
[White "Gongora,M"]
[Black "Leyva,R"]
[Result "1-0"]
[WhiteElo "2417"]
[BlackElo "2400"]

1.e4 c5 2.Nc3 e6 3.Nf3 a6 4.d4 cxd4 5.Nxd4 d6 6.Be2 Nf6 7.O-O Qc7 8.f4 b5
9.Bf3 Bb7 10.e5 dxe5 11.fxe5 Nfd7 12.Bxb7 Qxb7 13.Bf4 Nc6 14.Nf3 Bc5+ 15.Kh1 O-O
16.Ne4 Rad8 17.Qe1 Ne7 18.Rd1 Qc6 19.b4 Bb6 20.Bg5 Nd5 21.Qh4 f6 22.exf6 gxf6
23.Bh6 Rf7 24.Qh5 Re7 25.Rd3 Kh8 26.Nh4 Rg8 27.Rg3 Rxg3 28.Nxg3 Qc4 29.a3 Bc7
30.Re1 Ne5 31.Bf8 Qc3 32.Rf1 Rf7 33.Bc5 Qc4 34.Nf3 Ng6 35.Ng5 Rg7 36.N5e4 Be5
37.Qd1 Ngf4 38.Bg1 Rc7 39.Nc5 a5 40.Nd3 Qxc2 41.Qxc2 Rxc2 42.Nxe5 fxe5 43.bxa5 Ra2
44.Bc5 Nd3 45.Bd6 Ne3 46.a6 b4 47.a7 Rxa3 48.Rf8+ Kg7 49.a8=Q Rxa8 50.Rxa8 b3
51.Rb8 b2 52.Rxb2 Nxb2 53.Bxe5+ Kg6 54.Bxb2 h5 55.h3 Nc4 56.Bc3 h4 57.Ne4 Kf5
58.Nc5  1-0

[Event "TCh-RUS"]
[Site "Tomsk RUS"]
[Date "2001.05.14"]
[Round "2"]
[White "Beshukov,S"]
[Black "Landa,K"]
[Result "1/2-1/2"]
[WhiteElo "2463"]
[BlackElo "2610"]

1.e4 c5 2.Nf3 e6 3.d4 cxd4 4.Nxd4 a6 5.Nc3 b5 6.Bd3 Qb6 7.Be3 Bc5 8.Qg4 Bxd4
9.e5 Nc6 10.Qxg7 Bxe5 11.Qxe5 Nxe5 12.Bxb6 Bb7 13.Bd4 f6 14.Ne4 Bxe4 15.Bxe4 d5
16.Bxe5 fxe5 17.Bd3 e4 18.Be2 Ke7 19.O-O Nf6 20.f3 Rhc8 21.c3 b4 22.fxe4 Nxe4
23.cxb4 Rc2 24.Bd3 Rxb2 25.Bxe4 dxe4 26.Rf4 Rg8 27.g3 e3 28.Re1 Rd8 29.Rxe3 Rd1+
30.Rf1 Rdd2 31.Rfe1 Rg2+ 32.Kh1 Rxh2+ 33.Kg1 Rhg2+ 34.Kh1 Rh2+ 35.Kg1 Rbg2+
36.Kf1 Rf2+ 37.Kg1 Rfg2+ 38.Kf1 Rxa2 39.Rxe6+ Kd7 40.R6e2 Rhxe2 41.Rxe2 Rxe2
42.Kxe2 Kc6 43.Kd3 Kd5 44.g4 h6 45.Kc3 Ke4 46.Kc4 Kf4 47.Kc5 Kxg4 48.Kb6 h5
49.Kxa6 h4 50.b5 h3 51.b6 h2 52.b7 h1=Q 53.b8=Q Qa1+ 54.Kb7 Qb1+ 55.Kc8 Qxb8+
56.Kxb8  1/2-1/2

[Event "TCh-YUG"]
[Site "Herceg Novi YUG"]
[Date "2001.05.15"]
[Round "2"]
[White "Sedlak,N"]
[Black "Cabrilo,G"]
[Result "1/2-1/2"]
[WhiteElo "2448"]
[BlackElo "2496"]

1.e4 c5 2.Nf3 e6 3.d4 cxd4 4.Nxd4 a6 5.Nc3 Qc7 6.Bd3 Nf6 7.O-O Bc5 8.Nb3 Be7
9.f4 d6 10.Be3 Nc6 11.Kh1 O-O 12.Qf3 b5 13.a4 b4 14.Ne2 Bb7  1/2-1/2

[Event "65th ch-BUL"]
[Site "Tsarevo BUL"]
[Date "2001.05.18"]
[Round "8"]
[White "Marholev,D"]
[Black "Badev,K"]
[Result "1-0"]
[WhiteElo "2327"]
[BlackElo "2280"]

1.e4 c5 2.Nf3 a6 3.Nc3 e6 4.d4 cxd4 5.Nxd4 Qc7 6.Be2 Nf6 7.O-O Be7 8.f4 d6
9.Bf3 O-O 10.Be3 Nc6 11.Qe2 Bd7 12.Rad1 b5 13.a3 Rab8 14.Nb3 b4 15.axb4 Nxb4
16.g4 Nxc2 17.Qxc2 Ba4 18.g5 Bxb3 19.Qg2 Nd7 20.Rc1 Qd8 21.Be2 a5 22.f5 Kh8
23.Rf3 d5 24.Rh3 exf5 25.exf5 Rb4 26.f6 Nxf6 27.gxf6 Bxf6 28.Bd3 g6 29.Bc5 Bd4+
30.Bxd4+ Rxd4 31.Qd2 f5 32.Ne2 Rb4 33.Qh6 Rg4+ 34.Kf1 Rf7 35.Rc6 Kg8 36.Qc1 Rf8
37.Rc7 h5 38.Qc3  1-0

[Event "TCh-YUG"]
[Site "Herceg Novi YUG"]
[Date "2001.05.19"]
[Round "6"]
[White "Todorovic,GM"]
[Black "Pikula,D"]
[Result "1/2-1/2"]
[WhiteElo "2494"]
[BlackElo "2504"]

1.e4 c5 2.Nf3 e6 3.d4 cxd4 4.Nxd4 a6 5.Nc3 Qc7 6.Bd3 Nf6 7.f4 d6 8.Qf3 b5
9.Be3 Bb7 10.g4 Nc6 11.g5 Nd7 12.O-O-O Nc5 13.Kb1 O-O-O 14.Rhe1 b4 15.Nce2 d5
16.e5 g6 17.Nxc6 Qxc6 18.Bd4 Kb8 19.Nc1 Rc8 20.Nb3 Qc7 21.Qe2 a5 22.Bg1 Nxb3
23.axb3  1/2-1/2

[Event "TCh-YUG Women"]
[Site "Herceg Novi YUG"]
[Date "2001.05.23"]
[Round "10"]
[White "Stankovic,Ma"]
[Black "Skripchenko,A"]
[Result "0-1"]
[WhiteElo "2205"]
[BlackElo "2441"]

1.e4 c5 2.Nf3 e6 3.d4 cxd4 4.Nxd4 a6 5.Nc3 b5 6.Bd3 Bb7 7.O-O Nf6 8.a3 Qc7
9.Kh1 h5 10.f4 Ng4 11.Qe2 d6 12.Bd2 Nd7 13.b4 Be7 14.a4 Bf6 15.e5 dxe5 16.Nxe6 fxe6
17.Bg6+ Ke7 18.axb5 exf4 19.Rae1 Nge5 20.Be4 Bxe4 21.Qxe4 g5 22.h4 axb5 23.hxg5 Bxg5
24.Nxb5 Qc4 25.Nd4 h4 26.Bxf4 Bxf4 27.Rxf4 Qd5 28.Nf5+ Kd8 29.Qxd5 exd5 30.Rd4 Nc6
31.Rxd5 Nxb4 32.Rb5 Nc6 33.Re6 Kc7 34.Re4 h3 35.Rc4 h2 36.Rb1 Ne5 37.Rh4 Rxh4
38.Nxh4 Ng4 39.Rf1 Nd4 40.g3 Nxc2 41.Nf3 Nce3 42.Re1 Kd6 43.Nxh2 Rh8 44.Kg1 Nxh2  0-1

[Event "Master Open"]
[Site "Lausanne SUI"]
[Date "2001.05.24"]
[Round "5"]
[White "Hebden,M"]
[Black "Lalic,B"]
[Result "0-1"]
[WhiteElo "2560"]
[BlackElo "2501"]

1.Nf3 e6 2.d4 c5 3.e4 cxd4 4.Nxd4 a6 5.Nc3 b5 6.Bd3 Qb6 7.Be3 Bc5 8.Qg4 Ne7
9.e5 h5 10.Qh4 g5 11.Qxg5 Bxd4 12.Ne4 Bxe3 13.fxe3 d5 14.exd6 Nd5 15.Nf6+ Nxf6
16.Qxf6 Qxe3+ 17.Kd1 O-O 18.Re1 Nd7 19.Qh4 Qh6 20.g4 Bb7 21.g5 Qg7 22.Qxh5 Rfd8
23.g6 fxg6 24.Bxg6 Nf6  0-1

[Event "IV It"]
[Site "Santo Antonio POR"]
[Date "2001.05.25"]
[Round "7"]
[White "Fernando,D"]
[Black "Yakovich,Y"]
[Result "0-1"]
[WhiteElo "2404"]
[BlackElo "2577"]

1.e4 c5 2.Nc3 e6 3.Nf3 a6 4.d4 cxd4 5.Nxd4 d6 6.Bc4 b5 7.Bb3 Bb7 8.O-O Nd7
9.f4 Ngf6 10.f5 e5 11.Nde2 Rc8 12.Bg5 Be7 13.Ng3 h5 14.Bh4 b4 15.Bxf6 Nxf6
16.Nd5 h4 17.Nxf6+ gxf6 18.Nh5 Qb6+ 19.Kh1 Qe3 20.Nxf6+ Bxf6 21.Qxd6 Qxe4
22.Rf3 Be7 23.Bxf7+ Kxf7 24.Qe6+ Kf8 25.f6 Bc5  0-1

[Event "6th Stuttgart Open"]
[Site "Ditzingen GER"]
[Date "2001.05.26"]
[Round "6"]
[White "Hofrichter,J"]
[Black "Ortmann,D"]
[Result "0-1"]
[WhiteElo "2113"]
[BlackElo "2227"]

1.e4 c5 2.Nf3 e6 3.d4 cxd4 4.Nxd4 a6 5.Nc3 Qc7 6.g3 b5 7.a3 Bb7 8.Bg2 Nf6
9.O-O d6 10.Nde2 Be7 11.h3 O-O 12.g4 Nc6 13.Ng3 Rac8 14.f4 Nd7 15.g5 Rfe8
16.Be3 Bf8 17.Qg4 Nb6 18.Rae1 Nc4 19.Nd1 b4 20.f5 N6e5  0-1